00640nam a22002177a 450000500170000001000230001702000260004003500170006603500130008303500140009603700170011003700130012708200160014010000160015624500380017225000110021026000500022127000670027130000330033850000510037120170502151328.0 a1617EN ENG-116937 a9780198072638c545.00 aB-651276-282 aB-666229 aEN-100469 bPragatiadpl bDBAD/PUB a658.4210954 aRoy, Rajeev aEntrepreneurship /cby Rajeev Roy a2nd ed c2016 (rp)aNew DelhibOxford University Press aYMCA Library Building, 1, Jai Singh Road, bNew Delhie110001. c24cm(pbk) :axvi,571p.bill. aIncludes bibliographical references and index